000 00633nam a22001817a 4500
003 UA-OsUOA
001 17351
007 ta
008 20040224b un ||||| |||| 00| 0 ukr d
100 _aТрофімов В.
942 _cSA
040 _aUA-OsUOA
_cUA-OsUOA
_dUA-OsUOA
245 _a"Наснагу черпаю в сімейному колі"
_b[Розмова з майстром спорту міжнар. класу зі спідвею В.Трофімовим]
300 _aС.23
955 _a0
773 0 _w0
_tСім днів
_dРівне
_d2004
_g№5/30 січ./
650 7 _aКраєзнавча робота
_2UDC
999 _c303519
_d303519